[Event "Titled Tuesday intern op 12th Mar Late"]
[Site "Chess.com INT"]
[Date "2024.03.12"]
[Round "4"]
[White "Bluebaum, Matthias"]
[Black "Vasquez Schroder, Rodrigo Rafael"]
[Result "1-0"]
[WhiteElo "2655"]
[BlackElo "2475"]
[PlyCount "169"]
[EventDate "2024.03.12"]
[EventType "swiss (blitz)"]
[EventRounds "11"]
[EventCountry "USA"]
[SourceTitle "CB12_2024"]
[SourceDate "2023.10.01"]
[SourceVersion "1"]
[SourceVersionDate "2023.10.01"]
[SourceQuality "1"]

1. d4 Nf6 2. c4 e6 3. Nc3 Bb4 4. e3 0-0 5. Bd2 b6 6. Nf3 Bb7 7. Bd3 d5 8. cxd5 exd5 9. Rc1 a6 10. 0-0 Re8 11. Ne5 Bf8 12. f4 c5 13. Be1 cxd4 14. exd4 Nc6 15. Bf2 Rc8 16. Kh1 Ne7 17. Qf3 b5 18. a3 Qd6 19. Rfe1 g6 20. f5 Bg7 21. Bg3 Qb6 22. Bf2 Nxf5 23. Bxf5 gxf5 24. Qxf5 Qe6 25. Qf3 Ne4 26. Nxe4 dxe4 27. Qg3 Kh8 28. Be3 f6 29. Ng4 Bd5 30. h3 Rg8 31. Qf4 Rc4 32. Nh6 Rgc8 33. Rxc4 Rxc4 34. Nf5 Rc8 35. Nxg7 Kxg7 36. Rf1 Rf8 37. Qh6+ Kg8 38. Rc1 Qe7 39. Qh5 Rd8 40. Rc5 Bf7 41. Qh4 Bg6 42. Qf4 Qd6 43. Qf2 Kg7 44. Qh4 Kg8 45. d5 Qe5 46. Qg4 Qf5 47. Qg3 Qe5 48. Qg4 Qf5 49. Qd1 Qe5 50. b4 Bf7 51. Qg4+ Kh8 52. Rc7 Qxc7 53. Bd4 Qe7 54. Qf4 Rd6 55. Bc5 Qe5 56. Qxe5 fxe5 57. Bxd6 Bxd5 58. Bxe5+ Kg8 59. Kg1 Kf7 60. Kf2 Ke6 61. Bd4 h5 62. g4 hxg4 63. hxg4 Bb3 64. Ke3 Bd5 65. Kf4 Kf7 66. Ke5 Bb7 67. Kd6 Kg6 68. Be3 Bc8 69. g5 Kf5 70. Kc5 Be6 71. Kb6 Bc4 72. Kxa6 Ke6 73. Kb6 Kd6 74. g6 Kd7 75. g7 Kd6 76. Ka5 Kc6 77. Bd4 Bd5 78. a4 bxa4 79. b5+ Kb7 80. Kxa4 Bf7 81. Kb4 Kc7 82. Kc5 Kd7 83. b6 Bg8 84. Be5 Kc8 85. Kc6 1-0

[Event "Titled Tuesday intern op 13th Feb Early"]
[Site "Chess.com INT"]
[Date "2024.02.13"]
[Round "3"]
[White "Bettalli, Francesco"]
[Black "Vasquez Schroder, Rodrigo Rafael"]
[Result "1-0"]
[WhiteElo "2300"]
[BlackElo "2475"]
[PlyCount "57"]
[EventDate "2024.02.13"]
[EventType "swiss (blitz)"]
[EventRounds "11"]
[EventCountry "USA"]
[SourceTitle "CB08_2024"]
[SourceDate "2024.02.21"]
[SourceVersion "1"]
[SourceVersionDate "2024.02.21"]
[SourceQuality "1"]

1. e4 c5 2. Nc3 e6 3. Nge2 a6 4. g3 Nc6 5. Bg2 Nf6 6. 0-0 d6 7. Re1 Be7 8. d4 cxd4 9. Nxd4 Bd7 10. Be3 0-0 11. Qe2 Qc7 12. Rad1 b5 13. f4 Rab8 14. g4 Nxd4 15. Bxd4 b4 16. Nb1 e5 17. g5 exd4 18. gxf6 Bxf6 19. e5 dxe5 20. fxe5 Rfe8 21. Rxd4 Rxe5 22. Re4 Qb6+ 23. Kh1 Rbe8 24. Nd2 Rxe4 25. Nxe4 Bxb2 26. Bf3 f5 27. Qc4+ Be6 28. Ng5 Rc8 29. Rxe6 1-0

[Event "Titled Tuesday intern op 13th Feb Early"]
[Site "Chess.com INT"]
[Date "2024.02.13"]
[Round "6"]
[White "Nakamura, Hikaru"]
[Black "Vasquez Schroder, Rodrigo Rafael"]
[Result "1-0"]
[WhiteElo "2788"]
[BlackElo "2475"]
[PlyCount "91"]
[EventDate "2024.02.13"]
[EventType "swiss (blitz)"]
[EventRounds "11"]
[EventCountry "USA"]
[SourceTitle "CB08_2024"]
[SourceDate "2024.02.21"]
[SourceVersion "1"]
[SourceVersionDate "2024.02.21"]
[SourceQuality "1"]

1. d4 Nf6 2. Bg5 e6 3. e4 h6 4. Bxf6 Qxf6 5. Nc3 d6 6. Qd2 g5 7. 0-0-0 Bg7 8. g3 Nc6 9. Nb5 Qe7 10. c3 a6 11. Na3 Bd7 12. Nc2 0-0-0 13. Bg2 f5 14. exf5 exf5 15. f4 gxf4 16. gxf4 Rde8 17. Bf3 Qh4 18. Ne2 h5 19. Kb1 Bh6 20. c4 Re7 21. d5 Nd8 22. c5 dxc5 23. d6 cxd6 24. Qxd6 Rhe8 25. Qxh6 Rxe2 26. Qxh5 Qxh5 27. Bxh5 Bc6 28. Rhg1 R2e7 29. Bxe8 Rxe8 30. Kc1 Rh8 31. Ne3 Be4 32. Nc4 Kc7 33. Nd6 Ne6 34. Nxe4 fxe4 35. Rge1 Rxh2 36. Rxe4 Nd4 37. Kb1 Rf2 38. Re7+ Kc6 39. Rh1 Rxf4 40. Rh6+ Kd5 41. a3 b5 42. Rxa6 Kc4 43. Ka2 Rf1 44. Re4 Kd3 45. Rh4 c4 46. Rd6 1-0

[Event "Titled Tuesday intern op 13th Feb Early"]
[Site "Chess.com INT"]
[Date "2024.02.13"]
[Round "5"]
[White "Trost, Edvin"]
[Black "Vasquez Schroder, Rodrigo Rafael"]
[Result "0-1"]
[WhiteElo "2434"]
[BlackElo "2475"]
[PlyCount "90"]
[EventDate "2024.02.13"]
[EventType "swiss (blitz)"]
[EventRounds "11"]
[EventCountry "USA"]
[SourceTitle "CB08_2024"]
[SourceDate "2024.02.21"]
[SourceVersion "1"]
[SourceVersionDate "2024.02.21"]
[SourceQuality "1"]

1. d4 Nf6 2. c4 e6 3. Nf3 c5 4. e3 a6 5. Nc3 d5 6. cxd5 exd5 7. g3 c4 8. Bg2 b5 9. 0-0 Bb7 10. Ne5 Bb4 11. a4 0-0 12. axb5 Bxc3 13. bxc3 axb5 14. Rxa8 Bxa8 15. Ba3 Re8 16. Qb1 Nc6 17. Qxb5 Nxe5 18. dxe5 Rxe5 19. Rd1 Re8 20. Bc5 Ne4 21. Bd4 h6 22. Ra1 Qc8 23. Ra7 Bc6 24. Qb6 Qe6 25. Rc7 Ra8 26. Ra7 Rxa7 27. Qxa7 Qf5 28. Qb8+ Kh7 29. Qf4 Qe6 30. h4 f6 31. Bf3 Bd7 32. h5 Ng5 33. Bg2 Nh3+ 34. Bxh3 Qxh3 35. Qf3 Be6 36. e4 dxe4 37. Qxe4+ Bf5 38. Qf3 Bd3 39. Be3 f5 40. Qd1 Be4 41. f3 Qxg3+ 42. Kf1 Bd3+ 43. Qxd3 cxd3 44. Bf2 Qxf3 45. Kg1 d2 0-1

[Event "Titled Tuesday intern op 13th Feb Early"]
[Site "Chess.com INT"]
[Date "2024.02.13"]
[Round "2"]
[White "Vasquez Schroder, Rodrigo Rafael"]
[Black "Skliarov, Viktor"]
[Result "1-0"]
[WhiteElo "2475"]
[BlackElo "2349"]
[PlyCount "137"]
[EventDate "2024.02.13"]
[EventType "swiss (blitz)"]
[EventRounds "11"]
[EventCountry "USA"]
[SourceTitle "CB08_2024"]
[SourceDate "2024.02.21"]
[SourceVersion "1"]
[SourceVersionDate "2024.02.21"]
[SourceQuality "1"]

1. e4 c5 2. Nf3 Nc6 3. d4 cxd4 4. Nxd4 Nf6 5. Nc3 e5 6. Ndb5 d6 7. Bg5 a6 8. Na3 b5 9. Nd5 Be7 10. Bxf6 Bxf6 11. c3 0-0 12. Nc2 Rb8 13. Be2 Bg5 14. 0-0 Ne7 15. Ncb4 Bb7 16. Qd3 a5 17. Nxe7+ Bxe7 18. Nd5 Bxd5 19. Qxd5 b4 20. Bb5 bxc3 21. bxc3 Qb6 22. c4 Qd4 23. Rad1 Qxd5 24. Rxd5 Rb6 25. a4 g6 26. g3 Ra8 27. f4 exf4 28. gxf4 Bd8 29. Kg2 Bc7 30. Kf3 Rbb8 31. Rfd1 Rd8 32. c5 dxc5 33. Rd7 Rxd7 34. Rxd7 Ra7 35. Bc4 Bb6 36. Rd6 Bc7 37. Rc6 Kg7 38. Rxc5 Bd6 39. Rc6 Bb4 40. e5 Re7 41. Ke4 h5 42. Bd5 Rd7 43. Rc4 Re7 44. Bc6 Rc7 45. Kd5 Re7 46. Rc2 Rc7 47. Rf2 Re7 48. Rg2 Rc7 49. f5 Rc8 50. f6+ Kh6 51. Bd7 Rc5+ 52. Kd4 Rc1 53. e6 Bc3+ 54. Kd3 Bxf6 55. exf7 Kg7 56. Be8 g5 57. Rf2 Be7 58. Rf5 Rc5 59. Rf2 g4 60. Kd4 Rc7 61. Rf5 Bf8 62. Rxa5 h4 63. Rg5+ Kf6 64. Rxg4 h3 65. Rg3 Bc5+ 66. Kd5 Bf8 67. Rxh3 Rc5+ 68. Kd4 Ra5 69. Rh8 1-0

[Event "Titled Tuesday intern op 06th Feb Late"]
[Site "Chess.com INT"]
[Date "2024.02.06"]
[Round "9"]
[White "Vasquez Schroder, Rodrigo Rafael"]
[Black "Hamblok, Roel"]
[Result "1-0"]
[WhiteElo "2475"]
[BlackElo "2230"]
[PlyCount "65"]
[EventDate "2024.02.06"]
[EventType "swiss (blitz)"]
[EventRounds "11"]
[EventCountry "USA"]
[SourceTitle "CB07_2024"]
[SourceDate "2024.02.14"]
[SourceVersion "1"]
[SourceVersionDate "2024.02.14"]
[SourceQuality "1"]

1. e4 c5 2. Nf3 e6 3. d4 cxd4 4. Nxd4 Nf6 5. Nc3 Nc6 6. a3 Be7 7. Be2 d6 8. 0-0 0-0 9. Be3 Bd7 10. Nb3 Na5 11. Nd2 b6 12. f4 Rc8 13. Kh1 Bc6 14. Bg1 Bb7 15. Bd3 e5 16. fxe5 dxe5 17. Qe2 Nc6 18. Nf3 Nd4 19. Nxd4 exd4 20. Nb5 Re8 21. Nxa7 Rc5 22. Nb5 Rh5 23. Rxf6 Rxb5 24. Bxb5 Bxf6 25. Bxe8 Qxe8 26. Rd1 Qxe4 27. Qxe4 Bxe4 28. Bxd4 Bxc2 29. Rd2 Ba4 30. Bxf6 gxf6 31. Rd6 b5 32. Rxf6 Kg7 33. Rf4 1-0

[Event "Titled Tuesday intern op 06th Feb Late"]
[Site "Chess.com INT"]
[Date "2024.02.06"]
[Round "7"]
[White "Vasquez Schroder, Rodrigo Rafael"]
[Black "Tologontegin, Semetey"]
[Result "0-1"]
[WhiteElo "2475"]
[BlackElo "2369"]
[PlyCount "180"]
[EventDate "2024.02.06"]
[EventType "swiss (blitz)"]
[EventRounds "11"]
[EventCountry "USA"]
[SourceTitle "CB07_2024"]
[SourceDate "2024.02.14"]
[SourceVersion "1"]
[SourceVersionDate "2024.02.14"]
[SourceQuality "1"]

1. e4 e5 2. Nf3 Nc6 3. Bb5 a6 4. Ba4 Nf6 5. 0-0 Be7 6. Re1 b5 7. Bb3 0-0 8. h3 d6 9. c3 Nb8 10. d4 Nbd7 11. Nbd2 Bb7 12. Bc2 Re8 13. a4 Bf8 14. Bd3 c6 15. b3 g6 16. Bb2 Qc7 17. Qc2 Bg7 18. Rad1 Nh5 19. Bf1 Nf4 20. b4 Rad8 21. Qb3 h6 22. dxe5 Nxe5 23. Nxe5 dxe5 24. c4 Qb6 25. Nf3 Rxd1 26. Rxd1 Bc8 27. c5 Qc7 28. Kh2 g5 29. g3 Ng6 30. Ne1 Be6 31. Qc2 Rd8 32. Be2 Rxd1 33. Qxd1 Bf8 34. axb5 axb5 35. Bg4 Bxg4 36. hxg4 Be7 37. Ng2 Qd8 38. Qc2 Bf6 39. Ne3 Ne7 40. Kg2 Qd7 41. Bc3 Kg7 42. Kf3 Kg6 43. Ke2 h5 44. gxh5+ Kxh5 45. Qa2 Kg6 46. Qa8 Bg7 47. g4 Bf6 48. Qb8 Qe6 49. Qd6 Qxd6 50. cxd6 Nc8 51. Nf5 Nb6 52. Bd2 Nd7 53. Be3 Bd8 54. Ne7+ Bxe7 55. dxe7 Nf6 56. Ba7 Ne8 57. Bb8 Kf6 58. f3 Ke6 59. Ke3 f6 60. Kd3 Kxe7 61. Ba7 Ke6 62. Bc5 Kd7 63. Bf8 Nc7 64. Bc5 Ne6 65. Be3 Kd6 66. Kc3 Nf4 67. Bc5+ Kd7 68. Be3 Ng6 69. Kd3 Nh4 70. Ke2 Ng2 71. Bd2 Nf4+ 72. Bxf4 gxf4 73. Kd2 Ke7 74. Ke2 Ke6 75. Kd2 Kf7 76. Ke2 Kg6 77. Kf2 Kg5 78. Kg2 Kh4 79. Kh2 Kg5 80. Kg2 Kg6 81. Kf2 Kf7 82. Ke2 Ke7 83. Kd2 Kd6 84. Kd3 c5 85. Kc3 Kc6 86. Kb3 Kb6 87. Kc3 cxb4+ 88. Kxb4 Kc6 89. Kc3 Kc5 90. Kb3 Kd4 0-1

[Event "Chessable Masters Play In"]
[Site "Chess.com INT"]
[Date "2024.01.31"]
[Round "8"]
[White "Sankalp, Gupta"]
[Black "Vasquez Schroder, Rodrigo Rafael"]
[Result "0-1"]
[WhiteElo "2535"]
[BlackElo "2475"]
[PlyCount "126"]
[EventDate "2024.01.31"]
[EventType "swiss (rapid)"]
[EventRounds "9"]
[EventCountry "USA"]
[SourceTitle "CB06_2024"]
[SourceDate "2024.02.07"]
[SourceVersion "1"]
[SourceVersionDate "2024.02.07"]
[SourceQuality "1"]

1. e4 d5 2. exd5 Qxd5 3. Nc3 Qd8 4. Bc4 Nf6 5. Nf3 c6 6. Ne5 e6 7. d4 Nbd7 8. Qe2 Nxe5 9. dxe5 Nd5 10. Ne4 Qc7 11. f4 Be7 12. c3 b6 13. 0-0 Bb7 14. a4 c5 15. Bd2 g6 16. a5 0-0 17. a6 Bc6 18. Be1 Rad8 19. Bg3 Qd7 20. Rad1 b5 21. Bd3 c4 22. Bc2 Qc8 23. Qf2 Qxa6 24. Ra1 Qb6 25. Rxa7 Qxf2+ 26. Bxf2 Ra8 27. Rxe7 Nxe7 28. Nf6+ Kg7 29. Bc5 Nd5 30. Bxf8+ Kxf8 31. Be4 Ra2 32. Bxd5 exd5 33. Nxh7+ Ke7 34. Rf2 d4 35. Ng5 b4 36. cxb4 Bb5 37. h4 Bc6 38. Kf1 Ra1+ 39. Ke2 Rb1 40. f5 Rxb2+ 41. Ke1 Rb1+ 42. Kd2 c3+ 43. Kd3 Rd1+ 44. Kc4 Ba4 45. f6+ Kf8 46. e6 c2 47. Rxc2 Bxc2 48. Nxf7 Bf5 49. Ng5 Ke8 50. f7+ Ke7 51. Kc5 Rc1+ 52. Kxd4 Rc8 53. Ke5 Rb8 54. Nh7 Rb5+ 55. Kf4 Rxb4+ 56. Kg5 Rg4+ 57. Kh6 Rxh4+ 58. Kg7 Rxh7+ 59. Kxh7 Kf8 60. g4 Be4 61. g5 Bf5 62. Kh8 Bxe6 63. Kh7 Kxf7 0-1

[Event "Titled Tuesday intern op 23rd Jan Late"]
[Site "Chess.com INT"]
[Date "2024.01.23"]
[Round "11"]
[White "Erigaisi, Arjun Kumar"]
[Black "Vasquez Schroder, Rodrigo Rafael"]
[Result "1-0"]
[WhiteElo "2738"]
[BlackElo "2475"]
[PlyCount "29"]
[EventDate "2024.01.23"]
[EventType "swiss (blitz)"]
[EventRounds "11"]
[EventCountry "USA"]
[SourceTitle "CB05_2024"]
[SourceDate "2024.01.31"]
[SourceVersion "1"]
[SourceVersionDate "2024.01.31"]
[SourceQuality "1"]

1. Nf3 c5 2. b3 d5 3. e3 a6 4. c4 d4 5. exd4 cxd4 6. g3 Nc6 7. Ba3 e5 8. Bxf8 Kxf8 9. d3 Bf5 10. Nh4 Qa5+ 11. Nd2 Be6 12. Bg2 Qc3 13. 0-0 Qxd3 14. f4 Nf6 15. Rf3 1-0

[Event "Titled Tuesday intern op 23rd Jan Late"]
[Site "Chess.com INT"]
[Date "2024.01.23"]
[Round "1"]
[White "Przybylski, Wojciech"]
[Black "Vasquez Schroder, Rodrigo Rafael"]
[Result "0-1"]
[WhiteElo "2308"]
[BlackElo "2475"]
[PlyCount "166"]
[EventDate "2024.01.23"]
[EventType "swiss (blitz)"]
[EventRounds "11"]
[EventCountry "USA"]
[SourceTitle "CB05_2024"]
[SourceDate "2024.01.31"]
[SourceVersion "1"]
[SourceVersionDate "2024.01.31"]
[SourceQuality "1"]

1. e4 c5 2. Nf3 d6 3. d4 cxd4 4. Nxd4 Nf6 5. Nc3 a6 6. h3 e6 7. Be3 b5 8. a3 Bb7 9. Bd3 Nbd7 10. 0-0 Be7 11. Re1 0-0 12. Qe2 Nc5 13. Bd2 Qc7 14. Rad1 Rac8 15. Bc1 g6 16. Kh1 e5 17. Nf3 Rfe8 18. Ng5 h6 19. Nf3 Kg7 20. Qe3 Rh8 21. Nd2 Ne6 22. Nf1 Nh5 23. Nd5 Bxd5 24. exd5 Bg5 25. Qe4 Nc5 26. Qf3 Bxc1 27. Rxc1 Nf4 28. Be2 Na4 29. b3 Nc3 30. Bd3 Nfxd5 31. Ne3 Nf4 32. Bf1 Qc6 33. Qg4 Ne4 34. Nf5+ Kf6 35. Rxe4 gxf5 36. Qh4+ Kg7 37. Rxf4 exf4 38. Bd3 Qd5 39. Qxf4 Qe5 40. Qf3 Rc3 41. Qxf5 Qxf5 42. Bxf5 Re8 43. Rd1 Re5 44. Bd3 a5 45. Kg1 a4 46. Rb1 axb3 47. Rxb3 Rxb3 48. cxb3 Kf6 49. a4 bxa4 50. bxa4 Re1+ 51. Kh2 Ra1 52. Bb5 d5 53. Kg3 Ra3+ 54. f3 d4 55. Kf4 Re3 56. a5 Re5 57. Bd3 Rxa5 58. Ke4 Ra4 59. f4 Rb4 60. g4 Ke6 61. h4 f5+ 62. gxf5+ Kf6 63. h5 Ra4 64. Bc2 d3+ 65. Kxd3 Rxf4 66. Ke3 Rh4 67. Bd1 Kxf5 68. Bf3 Rh3 69. Kf2 Kf4 70. Bd1 Rh2+ 71. Kg1 Rd2 72. Bb3 Kg3 73. Kf1 Rb2 74. Bd5 Rb5 75. Be4 Rxh5 76. Bc6 Re5 77. Bb7 h5 78. Bc6 h4 79. Bb7 h3 80. Bc6 h2 81. Bb7 Rb5 82. Bc6 Rb1+ 83. Ke2 h1Q 0-1

[Event "Titled Tuesday intern op 23rd Jan Late"]
[Site "Chess.com INT"]
[Date "2024.01.23"]
[Round "10"]
[White "Vasquez Schroder, Rodrigo Rafael"]
[Black "Hambleton, Aman"]
[Result "1-0"]
[WhiteElo "2475"]
[BlackElo "2420"]
[PlyCount "85"]
[EventDate "2024.01.23"]
[EventType "swiss (blitz)"]
[EventRounds "11"]
[EventCountry "USA"]
[SourceTitle "CB05_2024"]
[SourceDate "2024.01.31"]
[SourceVersion "1"]
[SourceVersionDate "2024.01.31"]
[SourceQuality "1"]

1. e4 b6 2. d4 Bb7 3. Bd3 e6 4. Nf3 d5 5. Nbd2 Nf6 6. Qe2 Nxe4 7. Nxe4 dxe4 8. Bxe4 Bxe4 9. Qxe4 Qd5 10. Qe2 Bd6 11. c4 Qf5 12. 0-0 0-0 13. b3 Nd7 14. Bb2 Rfe8 15. Rad1 e5 16. dxe5 Nxe5 17. Nd4 Qg6 18. Rfe1 f6 19. Qe4 Qxe4 20. Rxe4 Nd3 21. Rxe8+ Rxe8 22. Bc3 Bb4 23. Bxb4 Nxb4 24. a3 Nd3 25. Kf1 Nc5 26. b4 Ne4 27. Nb5 c6 28. Nxa7 Ra8 29. Rd7 Nd2+ 30. Rxd2 Rxa7 31. Rd3 Kf7 32. Ke2 Ke6 33. Kd2 h5 34. h3 g5 35. g3 Rh7 36. Kc3 h4 37. g4 Ke5 38. Rf3 Rd7 39. Rf5+ Ke6 40. f4 gxf4 41. Rxf4 Rd1 42. Rf3 Rg1 43. Kd4 1-0

[Event "Titled Tuesday intern op 16th Jan Early"]
[Site "Chess.com INT"]
[Date "2024.01.16"]
[Round "8"]
[White "Alekseev, Evgeny V"]
[Black "Vasquez Schroder, Rodrigo Rafael"]
[Result "1-0"]
[WhiteElo "2563"]
[BlackElo "2475"]
[PlyCount "113"]
[EventDate "2024.01.16"]
[EventType "swiss (blitz)"]
[EventRounds "11"]
[EventCountry "USA"]
[SourceTitle "CB04_2024"]
[SourceDate "2023.10.16"]
[SourceVersion "1"]
[SourceVersionDate "2023.10.16"]
[SourceQuality "1"]

1. e4 c5 2. Nf3 d6 3. Bb5+ Nc6 4. d4 cxd4 5. Qxd4 Bd7 6. Qd3 Nf6 7. c4 g6 8. 0-0 Bg7 9. Nc3 0-0 10. h3 a6 11. Bxc6 Bxc6 12. Nd4 Nd7 13. Be3 Rc8 14. Rac1 Qa5 15. b3 Nc5 16. Qd2 Qd8 17. f3 Ne6 18. Nde2 Re8 19. Rfd1 Qa5 20. Nd5 Qxd2 21. Rxd2 f6 22. Nb6 Rcd8 23. a4 Nc5 24. Rb1 f5 25. exf5 gxf5 26. Nd4 f4 27. Bf2 Bxd4 28. Bxd4 Nd7 29. Re1 Kf7 30. b4 Nxb6 31. Bxb6 Rc8 32. b5 Bd7 33. Rd4 axb5 34. axb5 e5 35. Rxd6 Be6 36. c5 Bf5 37. c6 bxc6 38. bxc6 Rb8 39. c7 Rbc8 40. Rd8 Re7 41. Kf2 Ke6 42. Red1 Rcxc7 43. R8d6+ Kf7 44. Bxc7 Rxc7 45. R1d2 Re7 46. Rb6 Bg6 47. Rdd6 Re8 48. Rd5 Re7 49. Rdd6 Re8 50. Rd7+ Kf8 51. Rc7 Kg8 52. h4 Kf8 53. h5 Bd3 54. Rd6 Bb1 55. Rf6+ Kg8 56. Rb6 Kf8 57. Rxb1 1-0

[Event "Titled Tuesday intern op 16th Jan Early"]
[Site "Chess.com INT"]
[Date "2024.01.16"]
[Round "4"]
[White "Djokic, Mihailo"]
[Black "Vasquez Schroder, Rodrigo Rafael"]
[Result "0-1"]
[WhiteElo "2139"]
[BlackElo "2475"]
[PlyCount "76"]
[EventDate "2024.01.16"]
[EventType "swiss (blitz)"]
[EventRounds "11"]
[EventCountry "USA"]
[SourceTitle "CB04_2024"]
[SourceDate "2023.10.16"]
[SourceVersion "1"]
[SourceVersionDate "2023.10.16"]
[SourceQuality "1"]

1. d4 Nf6 2. c4 e6 3. Nf3 c5 4. e3 a6 5. Nc3 d5 6. cxd5 exd5 7. Be2 c4 8. 0-0 b5 9. Ne5 Bb7 10. Bf3 Bb4 11. a4 Bxc3 12. bxc3 0-0 13. axb5 axb5 14. Rb1 Qb6 15. Qc2 Nc6 16. Ng4 Nxg4 17. Bxg4 Bc8 18. Bf3 Be6 19. e4 Ne7 20. Bg5 f6 21. Be3 Qc6 22. Rb2 Ra5 23. h3 Qd7 24. Rfb1 dxe4 25. Bxe4 Bf5 26. Bxf5 Nxf5 27. Bf4 Ne7 28. Re1 Nd5 29. Bg3 Ra3 30. Qe4 Rxc3 31. Reb1 b4 32. Rxb4 Nxb4 33. Rxb4 Re8 34. Qf4 h5 35. Kh2 Rc2 36. Qf3 h4 37. Bf4 Qxd4 38. Rb7 Rxf2 0-1

[Event "Titled Tuesday intern op 16th Jan Late"]
[Site "Chess.com INT"]
[Date "2024.01.16"]
[Round "4"]
[White "Vasquez Schroder, Rodrigo Rafael"]
[Black "Martinez Alcantara, Jose Eduardo"]
[Result "0-1"]
[WhiteElo "2475"]
[BlackElo "2610"]
[PlyCount "98"]
[EventDate "2024.01.16"]
[EventType "swiss (blitz)"]
[EventRounds "11"]
[EventCountry "USA"]
[SourceTitle "CB04_2024"]
[SourceDate "2023.10.16"]
[SourceVersion "1"]
[SourceVersionDate "2023.10.16"]
[SourceQuality "1"]

1. e4 c5 2. Nf3 d6 3. d4 cxd4 4. Nxd4 a6 5. Bc4 e6 6. Nc3 Nf6 7. Bb3 b5 8. Bg5 Be7 9. Qf3 Qb6 10. 0-0-0 Nbd7 11. Rhe1 Bb7 12. Bxe6 Ne5 13. Qg3 fxe6 14. Nxe6 Kf7 15. Nxg7 b4 16. Be3 Qc7 17. Nf5 bxc3 18. Qg7+ Ke6 19. Nd4+ Kd7 20. Nf5 cxb2+ 21. Kb1 Rhe8 22. Bg5 Nxe4 23. Bxe7 Nc3+ 24. Kxb2 Nxd1+ 25. Rxd1 Nc4+ 26. Ka1 Kc8 27. Qf7 Rxe7 28. Nxe7+ Kb8 29. Rd4 Nb6 30. Qf6 Ka7 31. Kb1 Re8 32. Nf5 Re1+ 33. Kb2 Nc4+ 34. Kb3 Rb1+ 35. Kc3 Na3+ 36. Kd2 Qxc2+ 37. Ke3 Re1+ 38. Kf4 Qxf2+ 39. Kg5 Qxg2+ 40. Rg4 Qd2+ 41. Kh4 Qxh2+ 42. Kg5 Qd2+ 43. Kh4 Nb5 44. Ng3 Re5 45. Qf1 Qh2+ 46. Qh3 Qxh3+ 47. Kxh3 Bc8 48. Kh4 Bxg4 49. Kxg4 Re3 0-1

[Event "Wch Blitz"]
[Site "Samarkand"]
[Date "2023.12.30"]
[Round "13"]
[White "Vasquez Schroder, Rodrigo Rafael"]
[Black "Daneshvar, Bardiya"]
[Result "1-0"]
[WhiteElo "2475"]
[BlackElo "2591"]
[PlyCount "115"]
[EventDate "2023.12.29"]
[EventType "swiss (blitz)"]
[EventRounds "21"]
[EventCountry "UZB"]
[SourceTitle "CB01_2024"]
[SourceDate "2024.01.03"]
[SourceVersion "1"]
[SourceVersionDate "2024.01.03"]
[SourceQuality "1"]

1. e4 e5 2. Nf3 Nc6 3. Bb5 Nf6 4. d3 Bc5 5. c3 0-0 6. 0-0 d6 7. h3 a6 8. Ba4 h6 9. Re1 b5 10. Bb3 Bb7 11. Nbd2 Bb6 12. Nf1 Ne7 13. Ng3 c5 14. Bc2 Ng6 15. d4 Re8 16. d5 c4 17. Be3 a5 18. Qd2 Bxe3 19. Qxe3 a4 20. a3 Bc8 21. Ne2 Nh7 22. Kh2 Ng5 23. Nfg1 h5 24. Nf3 Nxf3+ 25. Qxf3 Qg5 26. Ng1 h4 27. Qe3 Qf6 28. Bd1 Nf4 29. Be2 Bd7 30. Bf1 g6 31. g3 Nh5 32. Nf3 hxg3+ 33. fxg3 Kg7 34. Bg2 Rh8 35. Rf1 Qe7 36. Rf2 Nf6 37. Nh4 Raf8 38. Kg1 Nh5 39. Rf3 Nxg3 40. Nxg6 fxg6 41. Rxg3 Rf4 42. Rf1 Rhf8 43. Rff3 Qh4 44. Kh2 R8f7 45. Qf2 Rxf3 46. Bxf3 Qf4 47. Kg2 Qc1 48. Qe2 Rf6 49. Bg4 Bxg4 50. Rxg4 Qb1 51. Rg3 Rf4 52. Rg4 Rf6 53. h4 Kh7 54. h5 gxh5 55. Rg5 Rh6 56. Qf3 Qc2+ 57. Kh3 Rg6 58. Qf7+ 1-0

[Event "Wch Blitz"]
[Site "Samarkand"]
[Date "2023.12.30"]
[Round "21"]
[White "Vasquez Schroder, Rodrigo Rafael"]
[Black "Vetokhin, Savva"]
[Result "1/2-1/2"]
[WhiteElo "2475"]
[BlackElo "2396"]
[PlyCount "103"]
[EventDate "2023.12.29"]
[EventType "swiss (blitz)"]
[EventRounds "21"]
[EventCountry "UZB"]
[SourceTitle "CB01_2024"]
[SourceDate "2024.01.03"]
[SourceVersion "1"]
[SourceVersionDate "2024.01.03"]
[SourceQuality "1"]

1. e4 c5 2. Nf3 d6 3. d4 cxd4 4. Nxd4 Nf6 5. Nc3 Nc6 6. Bg5 e6 7. Qd2 a6 8. 0-0-0 Bd7 9. f4 Be7 10. Nf3 b5 11. Bxf6 gxf6 12. Kb1 Qb6 13. g3 0-0-0 14. Bg2 Kb8 15. Rhe1 Rc8 16. Ne2 Rc7 17. Ned4 Rhc8 18. Nxc6+ Bxc6 19. Nd4 Bb7 20. c3 a5 21. Bf1 Rc5 22. Nb3 R5c7 23. Nd4 Rc5 24. a3 Bf8 25. Bd3 h5 26. Nb3 R5c7 27. Qe3 Qxe3 28. Rxe3 b4 29. cxb4 axb4 30. axb4 d5 31. b5 Bc5 32. Nxc5 Rxc5 33. e5 fxe5 34. Rxe5 d4 35. Rde1 Ka7 36. Rxc5 Rxc5 37. Re5 Kb6 38. Rxc5 Kxc5 39. Kc1 f6 40. Be2 e5 41. fxe5 fxe5 42. Bxh5 e4 43. Bg6 d3 44. h4 Kd4 45. Bxe4 Bxe4 46. Kd2 Kc5 47. g4 Kxb5 48. h5 Kc4 49. g5 Bf3 50. g6 Be4 51. g7 Bh7 52. b4 1/2-1/2

[Event "Wch Blitz"]
[Site "Samarkand"]
[Date "2023.12.29"]
[Round "6"]
[White "Abdisalimov, Abdimalik"]
[Black "Vasquez Schroder, Rodrigo Rafael"]
[Result "0-1"]
[WhiteElo "2496"]
[BlackElo "2475"]
[PlyCount "91"]
[EventDate "2023.12.29"]
[EventType "swiss (blitz)"]
[EventRounds "21"]
[EventCountry "UZB"]
[SourceTitle "CB01_2024"]
[SourceDate "2024.01.03"]
[SourceVersion "1"]
[SourceVersionDate "2024.01.03"]
[SourceQuality "1"]

1. c4 c5 2. Nf3 Nf6 3. d4 e6 4. Nc3 a6 5. d5 exd5 6. cxd5 d6 7. a4 g6 8. Nd2 Nbd7 9. Nc4 Nb6 10. Na3 Bd7 11. Bf4 Nh5 12. Bd2 Bg7 13. g3 0-0 14. Bg2 f5 15. 0-0 Qc7 16. Rc1 Rae8 17. b3 Qd8 18. Ncb1 Qe7 19. e3 Nf6 20. Ba5 Nc8 21. Nc4 b5 22. axb5 axb5 23. Ncd2 Ng4 24. b4 c4 25. Nf3 Ne5 26. Nd4 Nd3 27. Rc2 Bxd4 28. exd4 Ne1 29. Rd2 Nxg2 30. Kxg2 Qe4+ 31. f3 Qxd5 32. Nc3 Qf7 33. Kf2 Ne7 34. d5 Qf6 35. Qc1 f4 36. g4 h5 37. gxh5 Qh4+ 38. Kg1 Qxh5 39. Ne4 Nf5 40. Bb6 Nh4 41. Qc3 Nxf3+ 42. Rxf3 Rxe4 43. Rdf2 g5 44. h4 Bg4 45. Rg2 Qxh4 46. Rh2 0-1